Influence of geomorphology on runoff characteristics of a catchment (Record no. 15520)
[ view plain ]
| 000 -LEADER | |
|---|---|
| fixed length control field | 00522nam a22001577a 4500 |
| 003 - CONTROL NUMBER IDENTIFIER | |
| control field | OSt |
| 008 - FIXED-LENGTH DATA ELEMENTS--GENERAL INFORMATION | |
| fixed length control field | 180904b ||||| |||| 00| 0 eng d |
| 082 ## - DEWEY DECIMAL CLASSIFICATION NUMBER | |
| Classification number | 631.45 |
| Item number | CHE/IN |
| 100 ## - MAIN ENTRY--AUTHOR NAME | |
| Personal name | Chethan, B.J |
| 245 ## - TITLE STATEMENT | |
| Title | Influence of geomorphology on runoff characteristics of a catchment |
| 260 ## - PUBLICATION, DISTRIBUTION, ETC. (IMPRINT) | |
| Place of publication | Thavanur |
| Name of publisher | Department of irrigation and drainage engineering |
| Year of publication | 2018 |
| 300 ## - PHYSICAL DESCRIPTION | |
| Number of Pages | 121 |
| Accompanying material | CD |
| 700 ## - ADDED ENTRY--PERSONAL NAME | |
| Personal name | Vishnu, B (Guide) |
| 856 ## - ELECTRONIC LOCATION AND ACCESS | |
| Uniform Resource Identifier | <a href="https://drive.google.com/open?id=1aEMIbrHBbyN7tkprGV0W1BXZx04yYCas">https://drive.google.com/open?id=1aEMIbrHBbyN7tkprGV0W1BXZx04yYCas</a> |
| 942 ## - ADDED ENTRY ELEMENTS (KOHA) | |
| Koha item type | Theses |
| Withdrawn status | Lost status | Damaged status | Home library | Current library | Date acquired | Full call number | Accession Number | Koha item type | Public note |
|---|---|---|---|---|---|---|---|---|---|
| KAUAET | KAUAET | 04/09/2018 | 631.45 CHE/IN | T 424 | Theses | M.Tech Thesis |
